Statistics for Platinum Jubilee Quiz #5

Click here to take the quiz!

General Stats

  • This quiz has been taken 17 times
  • The average score is 8 of 20

Answer Stats

HintAnswer% Correct
How old was the Queen at the time of her coronation?27
100%
How many members of the Royal Family are exempt from having to carry a
passport when travelling abroad?
One (The Queen herself)
100%
How many Prime Ministers have served under the Queen?14
69%
Which royal’s wedding had to be postponed due to the pandemic?Princess Beatrice
69%
What will Camilla's new title be when Prince Charles becomes the King?Queen Consort
56%
In what international city does the Queen own an apartment?New York
50%
What is the Scottish residence the Queen traditionally visits every summer?Balmoral Castle
38%
Which football team does Prince William support?Aston Villa
31%
What is the name of Prince Charles' official residence?Clarence House
31%
In 2009, Michelle Obama broke a rule of etiquette when interacting with the
Queen. What did she do?
Hugged the Queen
31%
At the 1981 Trooping the Colour ceremony, what happened to the Queen?She was shot at
31%
What nickname did the combination of William, Kate, Harry and Meghan receive?The Fab Four
31%
What name is shared by a vodka-based cocktail, a superstition involving a mirror, and the nickname of an English monarch?Bloody Mary
25%
Which royal family member is played by Emerald Fennel in the Crown?Camilla
25%
What is the Queen's full birth name?Elizabeth Alexandra Mary Windsor
25%
Which TV show did Prince Charles make a cameo on in 2000?Coronation Street
19%
Which monarch appears as the king of England in the film Braveheart?Edward I
19%
At a royal engagement, if the Queen moves her handbag from one hand to
another, what (reportedly) is she giving her staff a secret sign to do?
Help her finish the conversation
13%
In 2002, it was revealed that which member of the royal family did a ‘wicked Ali G. impression’?The Queen Mother
6%
What was the name of the person who attempted this?Marcus Sarjeant
0%

Score Distribution

Percentile by Number Answered

Percent of People with Each Score

Your Score History

You have not taken this quiz